| 000 | 00791nam a22001815i 4500 | ||
|---|---|---|---|
| 001 | 166280 | ||
| 003 | ES-MaACL | ||
| 005 | 20250901032932.0 | ||
| 008 | 050913s1832 xxk | |||||||| ||eng d | ||
| 040 |
_aCAM _bspa _cCAM |
||
| 100 | 1 |
_aThompson, John V. _9133229 |
|
| 245 | 1 | 4 |
_aThe pestilential cholera unmasked, and its real nature and treatment developed with more effectual means of prevention, proofs of its contagious nature and a sketch of its history and progress ... / _cby John V. Thompson. |
| 260 |
_aCork : _bprinted for the author : _bsold by King and Ridings [etc.], _c1832. |
||
| 300 |
_a64 p. ; _c23 cm. |
||
| 650 | 7 |
_aCólera _2embne _911143 |
|
| 852 |
_aES-MaACL _jT-624-F-3 _z-- Enc. hol. _z-- Enc. en un vol. facticio _z.- Donat. Mateo Seoane |
||
| 999 |
_c166280 _d166280 |
||